|
|
|
|
| LEADER |
00000nam0a2200000 4500 |
| 001 |
297073 |
| 005 |
20231102000954.0 |
| 020 |
|
|
|a RU
|b 84-51626
|
| 035 |
|
|
|a (RuTPU)RU\TPU\book\322193
|
| 090 |
|
|
|a 297073
|
| 100 |
|
|
|a 20150605d1984 m y0rusy5003 ca
|
| 101 |
0 |
|
|a fre
|
| 102 |
|
|
|a RU
|
| 105 |
|
|
|a y j 000zy
|
| 200 |
1 |
|
|a Учебник французского языка для неязыковых специальностей педвузов
|f Л. А. Фридман, Т. Я. Гольденберг
|
| 210 |
|
|
|a Москва
|c Высшая школа
|d 1984
|
| 215 |
|
|
|a 256 с.
|
| 606 |
|
|
|a Французский язык
|x Учебные руководства и пособия для вузов
|2 stltpush
|3 (RuTPU)RU\TPU\subj\16836
|9 42736
|
| 610 |
1 |
|
|a лексика
|
| 610 |
1 |
|
|a грамматика
|
| 610 |
1 |
|
|a тексты
|
| 610 |
1 |
|
|a упражнения
|
| 686 |
|
|
|a Ш147.11-923
|2 rubbk
|
| 700 |
|
1 |
|a Фридман
|b Л. А.
|g Либа Абрамовна
|
| 701 |
|
1 |
|a Гольденберг
|b Т. Я.
|g Тамара Яковлевна
|
| 801 |
|
0 |
|a RU
|b RuMRKP
|c 19950704
|g psbo
|
| 801 |
|
1 |
|a RU
|b 63413507
|c 20150605
|
| 801 |
|
2 |
|a RU
|b 63413507
|c 20191017
|g RCR
|
| 942 |
|
|
|c BK
|